| 000 | 00653nam a2200205 a 4500 | ||
|---|---|---|---|
| 005 | 20240919064318.0 | ||
| 008 | 120627s2008 mx r 000 0 spa d | ||
| 020 | _a9789681853842 | ||
| 035 | _aUPN01000185539 | ||
| 049 | _aCG | ||
| 050 | 4 |
_aQH541.24 _bV3.3 |
|
| 100 | 1 |
_aVanCleave, Janice Pratt, _d1942- _930251 |
|
| 245 | 1 | 0 |
_aEcología para niños y jóvenes : _bactividades superdivertidas para el aprendizaje de la ciencia / _cJanice VanCleave. |
| 260 |
_aMéxico : _bLimusa Wiley, _c2008. |
||
| 300 |
_a226 p. : _bil. |
||
| 440 | 0 | _aBiblioteca científica | |
| 650 | 4 |
_aEcología _95860 |
|
| 650 | 4 |
_aHABITAT (ECOLOGIA) _921095 |
|
| 905 | _aLibro | ||
| 999 |
_c157642 _d157642 |
||